Responses for Show #4277 - Tuesday, March 18, 2003

Contestants

[<< previous game]

John Franklin, a sales manager from Fort Lauderdale, Florida

Barbara Liu, an English professor from Tolland, Connecticut

Amanda Potocky, a senior clinical data coordinator from Cary, North Carolina (whose 2-day cash winnings total $22,400)

[next game >>]

Jeopardy! Round responses

ARTISTS & THEIR SUBJECTS
WE'VE GOT ISSUES
REPORTING THE NEWS
CAPITAL CITY UNIVERSITIES
ESOTERICA
4-SYLLABLE WORDS
    $200 18
Venice

John
    $200 13
a nuclear power plant

Amanda
    $200 6
Dan Rather

John
    $200 1
New Delhi

Amanda
    $200 11
(Amanda: What is Athens?)
....
(Alex: The Pantheon, not the Parthenon.)

Paris

AmandaJohn
    $200 23
diameter

Amanda
    $400 19
the Pied Piper

Amanda
    $400 14
hypodermic needles

Amanda
    $400 7
Walter Cronkite

John
    $400 2
Rome

John
    $400 12
glaciers

Barbara
    $400 24
(Alex: Minute to go.)

everlasting

Amanda
    $600 20
Toulouse-Lautrec

John
    $600 15
Oregon

Amanda
    $600 8
Chet Huntley & David Brinkley

John
    $600 3
Moscow

John
    $600 28
(John: What is a courtesan?)

a mistress

John
Triple Stumper
    $600 25
elevation

Amanda
    $800 21
Isadora Duncan

Barbara
    $2,000 16
(Amanda: What are cigars?)

pharmaceuticals (or drug companies)

Amanda
    $800 9
Edward R. Murrow

John
    $800 4
Washington, D.C.

Amanda
    $800 29
the Indian Ocean

John
    $800 26
olfactory

John
    $1000 22
Andromeda

Triple Stumper
    $1000 17
affirmative action

John
    $1000 10
Walter Winchell

John
    $1000 5
Seoul

John
    $1000 30
the 180th meridian

Amanda
    $1000 27
annotated

Amanda

Scores at the first commercial break (after clue 15):

Amanda Barbara John
$2,000 $400 $5,200

Scores at the end of the Jeopardy! Round:

Amanda Barbara John
$3,600 $1,200 $8,000

Double Jeopardy! Round responses

RENAISSANCE MEN
TRAVEL EUROPE
AN EDGAR ALLAN POE-POURRI
"IN" THE MOVIES
OH, WHAT A YEAR!
ODD WORDS
    $400 6
Cervantes

Amanda
    $400 7
Scotland

John
    $400 1
In Cold Blood

John
    $400 14
1976

Barbara
    $400 15
19

John
    $800 12
Sir Thomas More

Triple Stumper
    $800 8
the Left Bank

Amanda
    $800 26
"The Tell-Tale Heart"

John
    $800 2
In the Heat of the Night

John
    $800 16
2000

Amanda
    $800 20
Sorbo

John
    $1200 13
Lorenzo

Amanda
    $1200 9
Florence

Amanda
    $1200 27
Scheherazade

Amanda
    $3,000 3
(John: I don't know.)
....
(Alex: Difficult to think of Marisa Tomei as the "older woman"; you have to have seen the film.)

In the Bedroom

John
    $1200 17
1865 (to end the Civil War)

John
    $1200 21
riffle

Triple Stumper
    $1600 24
Erasmus

Triple Stumper
    $1600 10
the Rhine

Triple Stumper
    $1,500 28
[The end-of-round signal sounds.]

the bells

Amanda
    $1600 4
In the Name of the Father

Barbara
    $1600 18
(Amanda: What is 1942?)

1941

Amanda
Triple Stumper
    $1600 22
spirit

Barbara
    $2000 25
(Alex: Minute to go now, John.)

Cesare Borgia

Triple Stumper
    $2000 11
Salzburg

Amanda
    $2000 5
In Like Flint

John
    $2000 19
1803

John
    $2000 23
ashes

John

Scores at the end of the Double Jeopardy! Round:

Amanda Barbara John
$11,100 $4,800 $15,800

[wagering suggestions for these scores]

Final Jeopardy! Round responses

PRESIDENTIAL ELECTIONS
BarbaraWho is Bob Dole
$3,000
AmandaWho is Mondale?
$4,700
JohnWho is Henry Cabot Lodge
$6,401
Bob Dole or Walter Mondale

Final scores:

Amanda Barbara John
$15,800 $7,800 $9,399
3-day champion: $38,200 3rd place: $1,000 2nd place: $2,000

Game dynamics:

Coryat scores:

Amanda Barbara John
$13,200 $4,800 $18,800
19 R
(including 1 DD),
3 W
(including 1 DD)
5 R,
0 W
24 R,
2 W
(including 1 DD)

Combined Coryat: $36,800

[game clues] [game scores] [suggest correction]

Game tape date: 2002-12-03
The J! Archive is created by fans, for fans. Scraping, republication, monetization, and malicious use prohibited; this site may use cookies and collect identifying information. See terms. The Jeopardy! game show and all elements thereof, including but not limited to copyright and trademark thereto, are the property of Jeopardy Productions, Inc. and are protected under law. This website is not affiliated with, sponsored by, or operated by Jeopardy Productions, Inc. Join the discussion at JBoard.tv.